<?xml version="1.0" encoding="UTF-8"?><?xml-stylesheet type="text/xsl" href="static/style.xsl"?><OAI-PMH xmlns="http://www.openarchives.org/OAI/2.0/" xmlns:xsi="http://www.w3.org/2001/XMLSchema-instance" xsi:schemaLocation="http://www.openarchives.org/OAI/2.0/ http://www.openarchives.org/OAI/2.0/OAI-PMH.xsd"><responseDate>2026-04-17T23:25:27Z</responseDate><request verb="GetRecord" identifier="oai:www.recercat.cat:10230/60058" metadataPrefix="marc">https://recercat.cat/oai/request</request><GetRecord><record><header><identifier>oai:recercat.cat:10230/60058</identifier><datestamp>2025-12-18T01:08:34Z</datestamp><setSpec>com_2072_6</setSpec><setSpec>col_2072_452952</setSpec></header><metadata><record xmlns="http://www.loc.gov/MARC21/slim" xmlns:dcterms="http://purl.org/dc/terms/" xmlns:xsi="http://www.w3.org/2001/XMLSchema-instance" xmlns:doc="http://www.lyncode.com/xoai" xsi:schemaLocation="http://www.loc.gov/MARC21/slim http://www.loc.gov/standards/marcxml/schema/MARC21slim.xsd">
   <leader>00925njm 22002777a 4500</leader>
   <datafield ind2=" " ind1=" " tag="042">
      <subfield code="a">dc</subfield>
   </datafield>
   <datafield ind2=" " ind1=" " tag="720">
      <subfield code="a">Segura-Garcia, Teresa</subfield>
      <subfield code="e">author</subfield>
   </datafield>
   <datafield ind2=" " ind1=" " tag="260">
      <subfield code="c">2024-05-07T07:00:37Z</subfield>
   </datafield>
   <datafield ind2=" " ind1=" " tag="260">
      <subfield code="c">2024-05-07T07:00:37Z</subfield>
   </datafield>
   <datafield ind2=" " ind1=" " tag="260">
      <subfield code="c">2023</subfield>
   </datafield>
   <datafield ind2=" " ind1=" " tag="520">
      <subfield code="a">En 1908, dos viajeros de Barcelona emprendieron un viaje alrededor del mundo de un año de duración. La vuelta al mundo del escenógrafo Oleguer Junyent y el heredero textil Marià Recolons fue extraordinaria según los estándares de la España metropolitana de la época. Gran parte del viaje se desarrolló a través del imperio británico y tuvo en la India una de sus paradas más importantes. El artículo examina tres grandes cuestiones macrohistóricas que surgen de la experiencia de Junyent y Recolons en la India colonial: la consolidación de la industria turística global, la comprensión metropolitana del imperialismo europeo y el antiimperialismo y, finalmente, la producción de conocimiento sobre las colonias para consumo metropolitano. El artículo explora estos temas a través de la microhistoria, examinando en profundidad las fuentes escritas y visuales producidas en torno a esta vuelta al mundo: un diario de viaje, cartas, artículos, dibujos, pinturas y fotografías. A través de estos medios, Recolons y Junyent presentaron una visión de un imperio británico todopoderoso pero deficiente en la India colonial. El artículo argumenta que su vuelta al mundo produjo un cuerpo de conocimiento poco común y original sobre la India colonial en la España de principios del siglo xx, donde fue consumido con entusiasmo por el público metropolitano.</subfield>
   </datafield>
   <datafield tag="653" ind2=" " ind1=" ">
      <subfield code="a">Transimperial history</subfield>
   </datafield>
   <datafield tag="653" ind2=" " ind1=" ">
      <subfield code="a">colonial India</subfield>
   </datafield>
   <datafield tag="653" ind2=" " ind1=" ">
      <subfield code="a">British empire</subfield>
   </datafield>
   <datafield tag="653" ind2=" " ind1=" ">
      <subfield code="a">Spain</subfield>
   </datafield>
   <datafield tag="653" ind2=" " ind1=" ">
      <subfield code="a">global tourism</subfield>
   </datafield>
   <datafield ind2="0" ind1="0" tag="245">
      <subfield code="a">A Barcelona stage designer in colonial India: catalan travellers, transimperial mobility and the British Raj in Spain, c. 1908</subfield>
   </datafield>
</record></metadata></record></GetRecord></OAI-PMH>